Sesame Street Theme Song Quiz Stats

Quiz Updated Jun 14, 2012

Challenge
Share
Tweet
Embed
Score 0/59 Timer 05:00
8 Plays Today
% Correct
Street?
96.6%
Street?
96.6%
Street?
96.6%
Sesame
96.5%
Sesame
96.5%
Sesame
96.5%
to
93.9%
to
93.9%
to
93.9%
to
93.9%
to
93.9%
to
93.9%
to
93.9%
to
93.9%
to
93.9%
you
92.2%
you
92.2%
me
90.2%
me
90.2%
get,
88.2%
get
88.2%
get,
88.2%
get
88.2%
get
88.2%
how
88.1%
How
88.1%
how
88.1%
how
88.1%
How
88.1%
Can
87.1%
% Correct
Can
87.1%
the
86.9%
the
86.9%
tell
86.3%
tell
86.3%
day
80.2%
Sunny
77%
away.
72.7%
where
70.3%
where
70.3%
is
69.9%
clouds
68.8%
On
65.3%
way
63.1%
air
61.6%
my
58.6%
we
48.6%
and
48.3%
sweet.
44.7%
play,
42.2%
sweepin'
41.9%
Come
39.6%
A-OK!
36%
everything's
34.3%
meet.
33.2%
neighbours
27.1%
that's
27%
Friendly
26.5%
there,
21.7%

You're not logged in!

Compare scores with friends on all Sporcle quizzes.
Join for Free
OR
Log In

You Might Also Like...

Show Comments

Extras

Top Quizzes Today


Score Distribution

Your Account Isn't Verified!

In order to create a playlist on Sporcle, you need to verify the email address you used during registration. Go to your Sporcle Settings to finish the process.

Report this User

Report this user for behavior that violates our Community Guidelines.

Details: